Indonesian chemical manufacturers directory 2012.
| Format: | Book |
|---|---|
| Published: |
Jakarta:
PT. Citra Cendekia Indonesia,
2012.
|
| Subjects: |
| LEADER | 00507cam a2200145 7i4500 | ||
|---|---|---|---|
| 001 | 0000028810 | ||
| 005 | 20130529090000.0 | ||
| 090 | 0 | 0 | |a INDO 338.4766025 |b IND |
| 245 | 0 | 0 | |a Indonesian chemical manufacturers directory 2012. |
| 260 | 0 | 0 | |a Jakarta: |b PT. Citra Cendekia Indonesia, |c 2012. |
| 300 | # | # | |a [v.p]. |
| 650 | 0 | 0 | |a Chemical -- |x Directories -- |z Indonesia |
| 650 | 0 | 0 | |a Chemica manufacturerl -- |x Directories -- |z Indonesia |
| 651 | 0 | 0 | |a Indonesia |
| 999 | |a B000032344 |b Directories |c Countries |e Business Information Centre | ||